01664nam a22002777a 4500003000400000005001700004008004100021020001800062040001400080082001700094100003100111245004500142250001200187264003000199300007100229521069000300521003800990650003801028650003601066650001801102700004301120700002901163942001201192999001701204952016501221OSt20240425184220.0240425b ||||| |||| 00| 0 spa d a9789584274496 cCO-Mq BPB a070.44bB17c aBarreras, Royd1963eautor aEl culo de Antanas:bdiatriba para todos a1a. ed. aBogotá: bPlanetac2018 a161 páginasbtapa rustica, ilustraciones a blanco y negroc23 cm aEste es un libro paradójico: uno de los senadores más conocidos de Colombia le canta la tabla a sus colegas y a sí mismo reclamando un poco de ética para un país que no ha sido capaz de darle la cara a la corrupción. En tiempos de ensayos indignados, Roy Barreras se viste de panfletario para remover los cimientos de una clase política adocenada, complaciente y viciada. "Lo más limpio de la política en Colombia es el culo de Antanas", se lee en la primera línea de un ensayo histórico que nos pone frente a un espejo en el que la clase dirigente se ve deforme. Escrito con humor y rigor, se trata sin duda de un arriesgado libro que no dejará a nadie inmune. aRecomendado para público adulto aCorrupción políticaxColombia aAnécdotasxChistes, sátiras aConferencias  aSamper Ospina, Danield1974eprólogo aVladdod1953eilustrador 2ddccBK c15465d15465 00102ddc40708GENaBPMOSbBPMOScGENd2024-04-25eDotación PNL 2023iNTl1o070.44 B17cpMOS503609r2024-06-08s2024-05-24tEj.1w2024-04-25yBKzOcho dias